[Event "Oslo op"]
[Site "Fornebu"]
[Date "2016.09.30"]
[Round "4"]
[White "Borstad, Eivind"]
[Black "Sundsbo, Sigve"]
[Result "1/2-1/2"]
[WhiteElo "1532"]
[BlackElo "1788"]
[PlyCount "63"]
[EventDate "2016.09.30"]
[EventType "swiss"]
[EventRounds "9"]
[EventCountry "NOR"]
[SourceTitle "EXT 2018"]
[Source "ChessBase"]
[SourceDate "2017.10.13"]
[SourceVersion "1"]
[SourceVersionDate "2017.10.13"]
[SourceQuality "1"]

1. e4 e6 2. d4 d5 3. exd5 exd5 4. Nc3 Bb4 5. Nf3 Nf6 6. h3 0-0 7. Be2 c6 8. 0-0 Re8 9. Bd2 Nbd7 10. Bd3 Nf8 11. Ne2 Bd6 12. c3 Ne6 13. Re1 Qc7 14. Qc2 Bd7 15. Be3 Rac8 16. Rad1 b6 17. Kh1 c5 18. Qd2 c4 19. Bc2 b5 20. b4 cxb3 21. Bxb3 Ne4 22. Qd3 Qb7 23. Rc1 Ba3 24. Rb1 Rc7 25. Nd2 f5 26. f3 Nxd2 27. Bxd2 g6 28. Nf4 Nxf4 29. Bxf4 Rcc8 30. Re5 Rxe5 31. dxe5 Be6 32. Rd1 1/2-1/2

[Event "Oslo op"]
[Site "Fornebu"]
[Date "2016.09.30"]
[Round "1"]
[White "Gonzalez, Francisco Silva"]
[Black "Borstad, Eivind"]
[Result "1-0"]
[WhiteElo "2086"]
[BlackElo "1532"]
[PlyCount "71"]
[EventDate "2016.09.30"]
[EventType "swiss"]
[EventRounds "9"]
[EventCountry "NOR"]
[SourceTitle "EXT 2018"]
[Source "ChessBase"]
[SourceDate "2017.10.13"]
[SourceVersion "1"]
[SourceVersionDate "2017.10.13"]
[SourceQuality "1"]

1. d4 d5 2. c4 e6 3. Nc3 Nf6 4. Bg5 Be7 5. e3 h6 6. Bh4 0-0 7. Qc2 c6 8. Nf3 Nbd7 9. Rd1 Re8 10. Be2 dxc4 11. Bxc4 Nd5 12. Bg3 N7f6 13. e4 Nb6 14. Bb3 Nh5 15. Be5 Nd7 16. g4 Nhf6 17. g5 hxg5 18. Nxg5 Ng4 19. Nxf7 Kxf7 20. Bxe6+ Kf8 21. Bxg4 Nxe5 22. dxe5 Qc7 23. Bxc8 Raxc8 24. f4 Bh4+ 25. Ke2 Qf7 26. Qd3 Rcd8 27. Qf3 Qc4+ 28. Rd3 Re7 29. Rhd1 Red7 30. b3 Qxc3 31. Rxc3 Rxd1 32. Qh5 Re1+ 33. Kf3 Rf1+ 34. Kg4 Be7 35. e6 Rg1+ 36. Rg3 1-0

[Event "Oslo op"]
[Site "Fornebu"]
[Date "2016.09.30"]
[Round "3"]
[White "Valembois, Pierre"]
[Black "Borstad, Eivind"]
[Result "0-1"]
[WhiteElo "1199"]
[BlackElo "1532"]
[PlyCount "86"]
[EventDate "2016.09.30"]
[EventType "swiss"]
[EventRounds "9"]
[EventCountry "NOR"]
[SourceTitle "EXT 2018"]
[Source "ChessBase"]
[SourceDate "2017.10.13"]
[SourceVersion "1"]
[SourceVersionDate "2017.10.13"]
[SourceQuality "1"]

1. d4 d5 2. Nf3 Nf6 3. e3 Bg4 4. Bd3 Nbd7 5. b3 e5 6. dxe5 Nxe5 7. Ba3 Bxa3 8. Nxa3 Bxf3 9. gxf3 c6 10. Qe2 Qa5+ 11. Kf1 Qxa3 12. f4 Nxd3 13. cxd3 Qe7 14. Rg1 Rg8 15. Rg5 0-0-0 16. e4 dxe4 17. Re1 Qd6 18. Qe3 Qxd3+ 19. Kg2 Qxe3 20. fxe3 Rd2+ 21. Kh3 Rxa2 22. Reg1 g6 23. Re5 Re8 24. Rgg5 h6 25. Rxe8+ Nxe8 26. Re5 Nd6 27. b4 b6 28. b5 Ra5 29. Kg4 Rxb5 30. Re7 Ra5 31. h4 Kd8 32. Re5 Rxe5 33. fxe5 Nf5 34. h5 Nxe3+ 35. Kf4 Nd5+ 36. Kg4 gxh5+ 37. Kf5 Ke7 38. e6 fxe6+ 39. Kg6 e3 40. Kg7 e2 41. Kg6 e1Q 42. Kg7 Qg3+ 43. Kh8 Kf7 0-1